| 000 | 00722pam a2200217 a 4500 | ||
|---|---|---|---|
| 001 | 1183046 | ||
| 005 | 20240206015216.0 | ||
| 008 | 971030s1998 caub b 001 0 eng | ||
| 020 | _a0761992308 (cloth : alk. paper) | ||
| 040 |
_aDLC _cDLC _dDLC |
||
| 082 | 0 | 0 |
_a306/.09544 _221 _bHIR. |
| 100 | 0 | _aHira Singh. | |
| 245 | 1 | 0 |
_aColonial hegemony and popular resistance : _bprinces, peasants, and paramount power / _cHira Singh. |
| 260 |
_aWalnut Creek, CA : _bSage Publications, _c1998. |
||
| 300 | _a274 p. : | ||
| 650 | 0 | _aLandlords | |
| 650 | 0 | _aPeasants | |
| 856 | 4 | 1 | _uhttp://www.loc.gov/catdir/enhancements/fy0657/97045135-t.html |
| 856 | 4 | 2 | _uhttp://www.loc.gov/catdir/enhancements/fy0660/97045135-d.html |
| 942 | _cL | ||
| 999 |
_c296 _d296 |
||